Electrorheological activity of a composite of titania-coated montmorillonite /

সংরক্ষণ করুন:
গ্রন্থ-পঞ্জীর বিবরন
প্রধান লেখক: Xiang, Liqin.
অন্যান্য লেখক: Zhao, Xiaopeng.
বিন্যাস: প্রবন্ধ
ভাষা:English
বিষয়গুলি:
ট্যাগগুলো: ট্যাগ যুক্ত করুন
কোনো ট্যাগ নেই, প্রথমজন হিসাবে ট্যাগ করুন!
Thư viện lưu trữ: Thư viện Trường Đại học Đà Lạt
LEADER 00944nam a2200313 4500
001 DLU090095511
005 ##20091201
040 # # |a DLU  |b eng 
041 # # |a eng 
044 # # |a us 
100 # # |a Xiang, Liqin.  
245 # # |a Electrorheological activity of a composite of titania-coated montmorillonite /  |c Liqin Xiang, Xiaopeng Zhao. 
653 # # |a Coating materials 
653 # # |a Electrorheological fluid 
653 # # |a Montmorillonite 
653 # # |a Nanocrystals 
653 # # |a Scanning electron microscopy 
653 # # |a Titanium oxides 
700 # # |a Zhao, Xiaopeng.  
773 # # |t Journal of Materials Chemistry  |g Vol. 13, no. 7 (2003), p. 1529-1532 
920 # # |a Phòng Tạp chí -- Trung tâm Thông tin - Thư viện Trường Đại học Đà Lạt 
994 # # |a DLU 
900 # # |a True 
911 # # |a Trương Bảo Trâm Anh 
925 # # |a G 
926 # # |a A 
927 # # |a BB 
980 # # |a Thư viện Trường Đại học Đà Lạt